| 000 | 00568nam a22001337a 4500 | ||
|---|---|---|---|
| 040 | _cRUA | ||
| 082 | _aAGR SEN 2015 B475 Or.1 | ||
| 100 | _aSENG CHANNOU; សេង ចាន់នូ | ||
| 245 | _aEffect of rice husk biochar on yield of mustard green sandy loam soil ; ឥទ្ធិពលធ្យូងអង្កាមលើទិន្នផលដំណាំស្ពៃខៀវលក្ខខណ្ឌដីល្បាយខ្សាច់ | ||
| 260 |
_aPhnom Penh _bRUA _c2015 |
||
| 300 |
_axiii;39p; _bill; _c29cm; |
||
| 856 | _uSENG CHANNOU | ||
| 942 | _cAGR | ||
| 999 |
_c10405 _d10405 |
||